<?xml version="1.0" encoding="UTF-8"?>
<collection xmlns="http://www.loc.gov/MARC21/slim">
 <record>
  <leader>     na                 </leader>
  <controlfield tag="001">INLIS000000000002075</controlfield>
  <controlfield tag="005">20190730060957</controlfield>
  <datafield tag="035" ind1=" " ind2=" ">
   <subfield code="a">0010-0617002075</subfield>
  </datafield>
  <datafield tag="245" ind1=" " ind2=" ">
   <subfield code="a">Mandukya upanisad /</subfield>
   <subfield code="c">I Wayan Maswinara</subfield>
  </datafield>
  <datafield tag="250" ind1=" " ind2=" ">
   <subfield code="a">Cet. 1</subfield>
  </datafield>
  <datafield tag="260" ind1=" " ind2=" ">
   <subfield code="a">Surabaya :</subfield>
   <subfield code="b">Paramita,</subfield>
   <subfield code="c">1999</subfield>
  </datafield>
  <datafield tag="300" ind1=" " ind2=" ">
   <subfield code="a">xviii + 398 hlm ;</subfield>
   <subfield code="c">21 cm</subfield>
  </datafield>
  <datafield tag="020" ind1=" " ind2=" ">
   <subfield code="a">979-9044-89-8</subfield>
  </datafield>
  <datafield tag="082" ind1=" " ind2=" ">
   <subfield code="a">294</subfield>
  </datafield>
  <controlfield tag="008">190730                           0      </controlfield>
  <datafield tag="084" ind1=" " ind2=" ">
   <subfield code="a">294.5 MAS m</subfield>
  </datafield>
  <datafield tag="990" ind1=" " ind2=" ">
   <subfield code="a">0000236236</subfield>
  </datafield>
  <datafield tag="990" ind1=" " ind2=" ">
   <subfield code="a">0.3635</subfield>
  </datafield>
 </record>
</collection>
